مكتبة جامعة عجلون الوطنية

فهرس بحث المكتبة

التغذية الصحية والنشاط البدني والرياضي = Healthy Nutrition And Physical Activity And Sports / (Record no. 34039)

MARC details
000 -LEADER
fixed length control field 01226nam a22002417a 4500
003 - CONTROL NUMBER IDENTIFIER
control field JO-AjAnu
005 - DATE AND TIME OF LATEST TRANSACTION
control field 20251012091311.0
008 - FIXED-LENGTH DATA ELEMENTS--GENERAL INFORMATION
fixed length control field 251011b jo ||||| |||| 00| 0 ara d
020 ## - INTERNATIONAL STANDARD BOOK NUMBER
International Standard Book Number 9789923283233
040 ## - CATALOGING SOURCE
Original cataloging agency JO-AjAnu
Language of cataloging ara
Transcribing agency JO-AjAnu
Modifying agency JO-AjAnu
Description conventions rda
041 ## - LANGUAGE CODE
Language code of text/sound track or separate title ara
Language code of original ara
050 ## - LIBRARY OF CONGRESS CALL NUMBER
Classification number TX353
Item number 2026
100 #1 - MAIN ENTRY--PERSONAL NAME
Personal name الربيعي، محمود داود
Relator term مؤلف
9 (RLIN) 66742
245 #0 - TITLE STATEMENT
Title التغذية الصحية والنشاط البدني والرياضي = Healthy Nutrition And Physical Activity And Sports /
Statement of responsibility, etc. محمود داود الربيعي، حذيفة ابراهيم الحربي، وئام محمود الربيعي
250 ## - EDITION STATEMENT
Edition statement الطبعة الاولى
260 ## - PUBLICATION, DISTRIBUTION, ETC.
Place of publication, distribution, etc. عمان :
Name of publisher, distributor, etc. دار صفاء للنشر والتوزيع،
Date of publication, distribution, etc. 2026
300 ## - PHYSICAL DESCRIPTION
Extent 294 صفحة
504 ## - BIBLIOGRAPHY, ETC. NOTE
Bibliography, etc. note يحتوي على مصادر ومراجع باللغتين العربية والانجليزية
650 70 - SUBJECT ADDED ENTRY--TOPICAL TERM
Topical term or geographic name entry element التغذية-التربية البدنية-اللياقة البدنية-الرياضيون-الصحة العامة
9 (RLIN) 66743
700 #1 - ADDED ENTRY--PERSONAL NAME
Personal name الحربي، حذيفة ابراهيم
Relator term مؤلف مشارك
9 (RLIN) 66744
700 #1 - ADDED ENTRY--PERSONAL NAME
Personal name الربيعي، وئام محمود
Relator term مؤلف مشارك
9 (RLIN) 66745
942 ## - ADDED ENTRY ELEMENTS (KOHA)
Source of classification or shelving scheme Library of Congress Classification
Koha item type Books
Suppress in OPAC No
Holdings
Withdrawn status Lost status Source of classification or shelving scheme Damaged status Not for loan Home library Current library Date acquired Total Checkouts Full call number Barcode Date last seen Price effective from Koha item type
    Library of Congress Classification     مكتبة جامعة عجلون الوطنية مكتبة جامعة عجلون الوطنية 11/10/2025   TX353 2026 a30439 11/10/2025 11/10/2025 Books